Catálogo
 En Linea

Un médico en la 40 : (Registro nro. 14371)

Detalles MARC
000 -CABECERA
campo de control de longitud fija 00896nam a2200217 a 4500
001 - NÚMERO DE CONTROL
campo de control 000014789
005 - FECHA Y HORA DE LA ÚLTIMA TRANSACCIÓN
campo de control 20240409073638.0
008 - DATOS DE LONGITUD FIJA--INFORMACIÓN GENERAL
campo de control de longitud fija 100122s2006 dr 000 0 spa d
020 ## - NÚMERO INTERNACIONAL ESTÁNDAR DEL LIBRO
Número Internacional Estándar del Libro 9945160001
040 ## - FUENTE DE LA CATALOGACIÓN
Centro catalogador/agencia de origen DO-SdBNP
Lengua de catalogación spa
Centro/agencia transcriptor BNPHU
082 ## - NÚMERO DE LA CLASIFICACIÓN DECIMAL DEWEY
Número de clasificación 972.93053
Número de documento/Ítem A148u
100 1# - ENTRADA PRINCIPAL--NOMBRE DE PERSONA
Nombre de persona Abi-Saab, José Tallaj
Fechas asociadas al nombre 1925-
9 (RLIN) 33514
245 10 - MENCIÓN DE TÍTULO
Título Un médico en la 40 :
Resto del título recuerdos de una conspiración /
Mención de responsabilidad, etc. José Antonio Tallaj Abi-Saab; edición Adriano Miguel Tejada ; prólogo Salomón Jorge.
260 ## - PUBLICACIÓN, DISTRIBUCIÓN, ETC.
Lugar de publicación, distribución, etc. Santiago de los Caballeros :
Nombre del editor, distribuidor, etc. Búho,
Fecha de publicación, distribución, etc. 2006.
300 ## - DESCRIPCIÓN FÍSICA
Extensión 143 p. :
Otras características físicas retrs. ;
Dimensiones 24 cm.
600 14 - PUNTO DE ACCESO ADICIONAL DE MATERIA--NOMBRE DE PERSONA
Nombre de persona ABI-SAAB, JOSÉ ANTONIO TALLAJ
Fechas asociadas al nombre 1925-
Subdivisión general RELATOS PERSONALES
9 (RLIN) 33515
650 #4 - PUNTO DE ACCESO ADICIONAL DE MATERIA--TÉRMINO DE MATERIA
Término de materia o nombre geográfico como elemento de entrada Presos políticos
Subdivisión general Relatos personales
Subdivisión geográfica República Dominicana
9 (RLIN) 33516
700 12 - PUNTO DE ACCESO ADICIONAL--NOMBRE DE PERSONA
Nombre de persona Tejada, Adriano Miguel
Fechas asociadas al nombre 1948-2020
Término indicativo de función/relación ed.
9 (RLIN) 8560
700 12 - PUNTO DE ACCESO ADICIONAL--NOMBRE DE PERSONA
Nombre de persona Jorge, Salomón
Término indicativo de función/relación pról.
9 (RLIN) 33517
910 ## - DATOS DE OPCIÓN DEL USUARIO (OCLC)
Datos de opción del usuario Validado. Control de calidad MFF
Existencias
Estado de retiro Estado de pérdida Restricciones de uso No para préstamo Código de colección Localización permanente Ubicación/localización actual Ubicación en estantería Fecha de adquisición Número de inventario Total de préstamos Signatura topográfica completa Código de barras Fecha visto por última vez Número de copia Precio válido a partir de Tipo de ítem Koha
        Dominicana de Servicio General General Depósito 22.01.2010 LF1   972.93053 A148u 14789-30 25.06.2020 e. 5 25.06.2020 Libro y Folleto Colección Dominicana de Servicio
        Dominicana de Servicio General General Depósito 22.01.2010 LF1   972.93053 A148u 14789-40 25.06.2020 e. 3 25.06.2020 Libro y Folleto Colección Dominicana de Servicio
        Dominicana de Servicio General General Depósito 22.01.2010 LF1   972.93053 A148u 14789-50 25.06.2020 e. 4 25.06.2020 Libro y Folleto Colección Dominicana de Servicio
      Excluido de préstamo Patrimonio Dominicano Patrimonio Dominicano Patrimonio Dominicano Depósito 22.01.2010 LF1   972.93053 A148u 14789-10 25.06.2020 e. 2 25.06.2020 Libro y Folleto Colección Patrimonio Dominicano
      Excluido de préstamo Patrimonio Dominicano Patrimonio Dominicano Patrimonio Dominicano Depósito 22.01.2010 LF1   972.93053 A148u 14789-20 25.06.2020   25.06.2020 Libro y Folleto Colección Patrimonio Dominicano

Con tecnología Koha